| 000 | 00415nam a22001457a 4500 | ||
|---|---|---|---|
| 020 | _a9781412972758 | ||
| 082 | _a372.34 BRO | ||
| 100 | _aBrooks-Young, Susan | ||
| 245 | _aTeaching with the tools kids really use : learning with Web and mobile technologies | ||
| 260 |
_aUSA _bCorwin Publishing _c2010 |
||
| 300 |
_axi, 137p. : _e25 cm |
||
| 650 | _aTeachers--Training | ||
| 700 | _aSusan Brooks-Young | ||
| 942 | _cBK | ||
| 999 |
_c11840 _d11840 |
||